Celebrity Guests on 'The Larry Sanders Show' (Season 5) Quiz Stats

 Plays Quiz not verified by Sporcle

Score 0/30 Timer 07:00
0 Plays Today
% Correct
Ben Stiller
95.8%
Ellen DeGeneres
94.4%
Carrot Top
89.4%
Sally Field
86.6%
Jim Belushi
86.6%
Dana Carvey
84.5%
John Stamos
82.4%
David Duchovny
78.9%
Jon Stewart
78.9%
Brooke Shields
78.9%
Kevin Nealon
74.6%
Don Rickles
74.6%
Bill Maher
73.2%
Jeff Foxworthy
69.7%
Al Franken
68.3%
% Correct
Carl Reiner
62.7%
Dana Delany
58.5%
Tim Conway
50%
Bruno Kirby
48.6%
Lori Loughlin
47.2%
Joyce Brothers
44.4%
Angie Dickinson
38%
Marlee Matlin and Jack Jason
38%
Harvey Fierstein
28.9%
Nicollette Sheridan
16.2%
Laura Leighton
8.5%
Norm Crosby
7.7%
Tom Shales
7%
Jake Johannsen
5.6%
Kip Addotta
2.1%

You're not logged in!

Compare scores with friends on all Sporcle quizzes.
Join for Free
OR
Log In

You Might Also Like...

Show Comments

Extras

Top Quizzes Today


Score Distribution

Your Account Isn't Verified!

In order to create a playlist on Sporcle, you need to verify the email address you used during registration. Go to your Sporcle Settings to finish the process.

Report this User

Report this user for behavior that violates our Community Guidelines.

Details: